Reklamácie

Ekonomické vymedzenie pojmu reklamácia. Právna úprava postupu a zásad pri vybavovaní reklamácie podľa zákona č. 40/1964 Zb. Občiansky zákonník v znení neskorších predpisov. Účtovanie reklamácií. Daňové hľadisko.

Gespeichert in:
Bibliographische Detailangaben
1. Verfasser: Kastlerová, Sylvia
Format: Buchkapitel
Sprache:Slowakisch
Schlagworte:
Tags: Tag hinzufügen
Keine Tags, Fügen Sie das erste Tag hinzu!

MARC

LEADER 00000naa$a2200000$$$4500
001 0051289
005 20240502071610.1
041 0 |a slo 
044 |a SK 
245 1 0 |a Reklamácie  |c Sylvia Kastlerová 
520 |a Ekonomické vymedzenie pojmu reklamácia. Právna úprava postupu a zásad pri vybavovaní reklamácie podľa zákona č. 40/1964 Zb. Občiansky zákonník v znení neskorších predpisov. Účtovanie reklamácií. Daňové hľadisko. 
610 2 0 |a účtovanie 
610 2 0 |a zdaňovanie 
610 2 0 |a reklamácie 
610 2 0 |a faktúry 
610 2 0 |a dane 
100 1 |a Kastlerová, Sylvia